Wirtschaftliche Probleme in Ost und West: Parallelität der Phänomene und Ursachen (Record no. 2459)

MARC details
000 -LEADER
fixed length control field 00496nam a22001817i 4500
001 - CONTROL NUMBER
control field 2483
003 - CONTROL NUMBER IDENTIFIER
control field OSt
005 - DATE AND TIME OF LATEST TRANSACTION
control field 20170126082306.0
007 - PHYSICAL DESCRIPTION FIXED FIELD--GENERAL INFORMATION
fixed length control field tu
008 - FIXED-LENGTH DATA ELEMENTS--GENERAL INFORMATION
fixed length control field 161220s1985 xxu||||| |||| 00| 0 d
024 7# - OTHER STANDARD IDENTIFIER
Standard number or code 2482
Source of number or code RID
040 ## - CATALOGING SOURCE
Transcribing agency OSt
084 ## - OTHER CLASSIFICATION NUMBER
Classification number 11.71
-- 2.33
-- 11.20
-- 3.61
Number source z
100 1# - MAIN ENTRY--PERSONAL NAME
Personal name Schrettl, Wolfram
245 00 - TITLE STATEMENT
Title Wirtschaftliche Probleme in Ost und West: Parallelität der Phänomene und Ursachen
260 ## - PUBLICATION, DISTRIBUTION, ETC.
Place of publication, distribution, etc. München :
Name of publisher, distributor, etc. Osteuropa-Institut, München,
Date of publication, distribution, etc. 1985.
300 ## - PHYSICAL DESCRIPTION
Extent 175 S. ;
Dimensions 30cm.
942 ## - ADDED ENTRY ELEMENTS (KOHA)
Koha item type Book
Holdings
Withdrawn status Lost status Damaged status Not for loan Home library Current library Shelving location Date acquired Inventory number Total Checkouts Full call number Barcode Date last seen Price effective from Koha item type
        WIIW WIIW Souterrain 08/21/1995 2483   II-4.439 302481 01/26/2017 01/26/2017 Book
The Vienna Instiute for International Economic Studies (wiiw)